02597cam a22003375a 45000010009000000050017000090080041000260200018000670400033000850430021001180820021001391000029001602450070001892600051002593000032003105000024003425040031003665050369003975200966007666500043017326500044017756500062018196510034018816510060019156510048019756510055020236530020020789420008020989990017021069520136021231847700720160601113243.0150203s2015 nyua frb f001 0 eng d a9780521738149 aDLCbengcDLCdDLCdEG-ScBUE aa-ir---aa-iq---00222a330.955bMAL1 aMaloney, Suzanne.94010610aIran's political economy since the revolution /cSuzanne Maloney. aNew York :bCambridge University Press,c2015. av, 581 p. :bill. ;c24 cm. aIndex : p. 579-581. aBibliography : p. 541-577.0 aThe prelude : the political economy of pre-revolutionary Iran -- The economics of upheaval, 1977-80 -- The cost of sacred defense, 1980-9 -- The reconstruction jihad, 1989-97 -- Ayatollah Gorbachev : reform within the red lines, 1997-2005 -- Populism, version 2.0 : the Ahmadinejad era, 2005-13 -- Energy and the Islamic republic -- Sanctions and the sacred state.2 a"Over three decades after the Iranian Revolution reconfigured the strategic landscape in the Middle East, scholars are still trying to decipher its aftereffects. Suzanne Maloney provides the first comprehensive overview of Iran's political economy since the 1979 revolution and offers detailed examinations of two aspects of the Iranian economy of direct interest to scholars and non-specialist readers of Iran: the energy sector and the role of sanctions. Based on the author's research as both a scholar and government advisor, the book also features interviews with American and Iranian government officials. Moving chronologically from the early years under Khomeini, through the economic deprivations of the 1980s during the Iran-Iraq war, through liberalization under Khatami to the present, Maloney offers fascinating insights into Iran's domestic politics and how economic policies have affected ideology, leadership priorities, and foreign relations"-- 7aEnergy industrieszIran.2BUEsh940107 7aEconomic sanctionszIran.2BUEsh940108 7aIran-Iraq War, 1980-1988xEconomic aspects.2BUEsh940109 0aIranxEconomic policy.2BUEsh 0aIranxPolitics and governmenty1979-1997.2BUEsh911019 0aIranxPolitics and governmenty1997-2BUEsh 0aIranxHistoryyRevolution, 1979xInfluence.2BUEsh bBUSBOLcMay2016 2ddc c21837d21809 00102ddc40708AlahramaMAINbMAINc1STd2016-06-01ePurchaseg310.00l0o330.955 MALp000032619r2025-07-15 00:00:00v387.50yBB